000 00799nam a2200253Ia 4500
003 OSt
005 20260129110231.0
008 220923b |||||||| |||| 00| 0 eng d
020 _a818597242727
037 _cGeneral Book
040 _aRTL
_cRTL
_beng
041 _2eng
_aeng
084 _aY:4352.271C.N9, N3
_qRTL
245 0 _aKalahandi: human encounter with drought
260 _a New Delhi
_bReliance
_c1993
300 _axxi, 151 p.
_bIncludes bibliographical references and index.
500 _aBibliography chapterwise
650 _aDisaster
_91112607
650 _aSociology
_91112608
700 _aNayak P K;
_9308836
_eEditor
700 _aMahajan Anil
_eEditor
_91112609
942 _hY:4352.271C.N9, N3
_cGB
_2CC
_n0
999 _c611527
_d611527